[Event "ITA-ch blitz"]
[Site "Chianciano Terme"]
[Date "2018.04.01"]
[Round "8"]
[White "Chiarion, Elisa"]
[Black "Gilevich, Artem"]
[Result "0-1"]
[WhiteElo "1967"]
[BlackElo "2407"]
[PlyCount "144"]
[EventDate "2018.04.01"]
[EventType "swiss (blitz)"]
[EventRounds "11"]
[EventCountry "ITA"]
[SourceTitle "CBM 183 Extra"]
[Source "ChessBase"]
[SourceDate "2018.04.19"]
[SourceVersion "1"]
[SourceVersionDate "2018.04.19"]
[SourceQuality "1"]

1. e4 e6 2. d4 d5 3. Nc3 Bb4 4. Nge2 Nf6 5. e5 Ne4 6. Qd3 0-0 7. a3 Nxc3 8. Nxc3 Be7 9. b4 f6 10. exf6 Bxf6 11. g3 a5 12. Rb1 axb4 13. axb4 Bd7 14. Bg2 Be8 15. Bf4 Nc6 16. Nb5 Bg6 17. Qd2 Rf7 18. 0-0 Ra2 19. Rfc1 Rd7 20. Bh3 Bf5 21. Bxf5 exf5 22. Qd3 g6 23. Re1 Ra4 24. c3 Qf8 25. Nxc7 g5 26. Ne6 Qh6 27. Bc1 Qg6 28. Nc5 Rf7 29. Nxa4 h5 30. Qe3 h4 31. Qe8+ Kg7 32. Nc5 hxg3 33. Ne6+ Kh6 34. fxg3 f4 35. Bxf4 gxf4 36. Nxf4 Qg7 37. Qe3 Bg5 38. Qe6+ Rf6 39. Qe3 Bxf4 40. Qe2 Bg5 41. Rf1 Ne7 42. Rxf6+ Qxf6 43. Rf1 Qg6 44. Qf3 Kh7 45. Qf7+ Kh6 46. Qf3 Qe6 47. Kg2 Ng6 48. Rf2 Qe4 49. Re2 Qb1 50. Qf7 Qd3 51. Re6 Qc2+ 52. Qf2 Qxc3 53. Qf8+ Kh5 54. Qf2 Qd3 55. Qe2+ Qxe2+ 56. Rxe2 Kg4 57. h3+ Kf5 58. Re1 Bd2 59. Rb1 Ke4 60. Rb2 Bc3 61. Rf2 Bxd4 62. Rf7 b6 63. Rf3 Be5 64. Rf2 d4 65. Rc2 Ne7 66. Kf2 d3 67. Rc1 Bd4+ 68. Kf1 Nd5 69. Re1+ Be3 70. g4 d2 71. Ra1 Kd3 72. Ra3+ Nc3 0-1

[Event "Wch U18 Girls"]
[Site "Al Ain"]
[Date "2013.12.23"]
[Round "8"]
[White "Ruhlmann, Helene"]
[Black "Chiarion, Elisa"]
[Result "0-1"]
[WhiteElo "1830"]
[BlackElo "1957"]
[PlyCount "56"]
[EventDate "2013.12.18"]
[EventType "swiss"]
[EventRounds "11"]
[EventCountry "UAE"]
[SourceTitle "CBM 158 Extra"]
[Source "ChessBase"]
[SourceDate "2014.02.28"]
[SourceVersion "1"]
[SourceVersionDate "2014.02.28"]
[SourceQuality "1"]

1. d4 d5 2. Nf3 e6 3. g3 Nf6 4. Bg2 c5 5. 0-0 Nc6 6. dxc5 Bxc5 7. c4 Qb6 8. Nc3 Ne4 9. Nxe4 dxe4 10. Ng5 f5 11. Rb1 a5 12. e3 0-0 13. Qh5 h6 14. Nxe4 fxe4 15. Bxe4 Ne7 16. b3 Bd7 17. Bb2 Bxe3 18. Qe5 Bxf2+ 19. Kh1 Rf7 20. Rbd1 Nc6 21. Qh5 Nb4 22. Bd4 Bc6 23. Bg2 Bxg2+ 24. Kxg2 Qc6+ 25. Kh3 Rf5 26. Qg4 Bxd4 27. Rxf5 exf5 28. Qxd4 Qe4 0-1

[Event "Wch U20 Girls 30th"]
[Site "Athens"]
[Date "2012.08.13"]
[Round "11"]
[White "Terzidaki, Alexandra"]
[Black "Chiarion, Elisa"]
[Result "0-1"]
[WhiteElo "1958"]
[BlackElo "1978"]
[PlyCount "62"]
[EventDate "2012.08.02"]
[EventType "swiss"]
[EventRounds "13"]
[EventCountry "GRE"]
[SourceTitle "CBM 149 Extra"]
[Source "ChessBase"]
[SourceDate "2012.08.24"]
[SourceVersion "1"]
[SourceVersionDate "2012.08.24"]
[SourceQuality "1"]

1. e4 c5 2. Nf3 d6 3. d4 cxd4 4. Nxd4 Nf6 5. Nc3 g6 6. Be3 Bg7 7. f3 0-0 8. Qd2 Nc6 9. Bc4 Bd7 10. 0-0-0 Qc7 11. Bb3 Na5 12. g4 Rfc8 13. Kb1 Nc4 14. Bxc4 Qxc4 15. h4 b5 16. h5 b4 17. Nce2 a5 18. hxg6 fxg6 19. Ng3 a4 20. g5 Ne8 21. f4 b3 22. cxb3 axb3 23. a3 Bxd4 24. Bxd4 Qc2+ 25. Ka1 Rc4 26. Qh2 Qxh2 27. Rxh2 Bg4 28. Ne2 Rc2 29. Rc1 Ra4 30. Rch1 Bxe2 31. Bc3 Bf3 0-1

[Event "Wch U20 Girls 30th"]
[Site "Athens"]
[Date "2012.08.06"]
[Round "5"]
[White "Semenova, Elena"]
[Black "Chiarion, Elisa"]
[Result "1-0"]
[WhiteElo "2134"]
[BlackElo "1978"]
[PlyCount "65"]
[EventDate "2012.08.02"]
[EventType "swiss"]
[EventRounds "13"]
[EventCountry "GRE"]
[SourceTitle "CBM 149 Extra"]
[Source "ChessBase"]
[SourceDate "2012.08.24"]
[SourceVersion "1"]
[SourceVersionDate "2012.08.24"]
[SourceQuality "1"]

1. e4 c5 2. Nf3 d6 3. d4 cxd4 4. Nxd4 Nf6 5. Nc3 g6 6. Be3 Bg7 7. f3 a6 8. Qd2 Nbd7 9. 0-0-0 b5 10. g4 Bb7 11. h4 h5 12. g5 Nh7 13. a3 Rc8 14. Bh3 0-0 15. Kb1 Rb8 16. f4 Nb6 17. f5 Nc4 18. Qe1 Qa5 19. Nd5 Bxd5 20. Qxa5 Nxa5 21. exd5 b4 22. axb4 Rxb4 23. c3 Rb7 24. Bf1 Rfb8 25. Rh2 Rc7 26. fxg6 fxg6 27. Ne6 Rxc3 28. Ba7 Be5 29. Bxb8 Rc8 30. Bc7 Rxc7 31. Nxc7 Bxh2 32. b4 Nb7 33. Ne6 1-0

[Event "ITA-ch (Women) 39th"]
[Site "Acqui Terme"]
[Date "2012.07.25"]
[Round "3"]
[White "Santeramo, Alessia Carmen"]
[Black "Chiarion, Elisa"]
[Result "1-0"]
[WhiteElo "1834"]
[BlackElo "2004"]
[PlyCount "33"]
[EventDate "2012.07.23"]
[EventType "swiss"]
[EventRounds "8"]
[EventCountry "ITA"]
[SourceTitle "EXT 2023"]
[Source "ChessBase"]
[SourceDate "2022.10.05"]
[SourceVersion "1"]
[SourceVersionDate "2022.10.05"]
[SourceQuality "1"]

1. e4 g6 2. d4 Bg7 3. Nc3 c5 4. dxc5 Bxc3+ 5. bxc3 Qa5 6. Qd3 Nc6 7. Nf3 b6 8. cxb6 axb6 9. Bd2 Ba6 10. c4 Qa4 11. Qb3 Bc8 12. Bd3 d6 13. 0-0 Bg4 14. Qxa4 Rxa4 15. c5 Bd7 16. cxb6 Ra8 17. a4 1-0

[Event "ITA-ch B"]
[Site "Civitanova Marche"]
[Date "2012.07.16"]
[Round "2"]
[White "Boraso, Alessio"]
[Black "Chiarion, Elisa"]
[Result "0-1"]
[WhiteElo "2078"]
[BlackElo "2004"]
[PlyCount "60"]
[EventDate "2012.07.15"]
[EventType "swiss"]
[EventRounds "8"]
[EventCountry "ITA"]
[SourceTitle "EXT 2023"]
[Source "ChessBase"]
[SourceDate "2022.10.05"]
[SourceVersion "1"]
[SourceVersionDate "2022.10.05"]
[SourceQuality "1"]

1. c4 c6 2. e4 d5 3. exd5 cxd5 4. d4 g6 5. Nc3 dxc4 6. Bxc4 Bg7 7. Qa4+ Bd7 8. Qb3 e6 9. Qxb7 Nc6 10. Bg5 Qb8 11. Nb5 Qxb7 12. Nd6+ Kf8 13. Nxb7 Nxd4 14. Rc1 Bc6 15. Nd6 Be5 16. Ne2 Bxg2 17. Nxd4 Bxh1 18. N4b5 a6 19. Bd5 Bxd5 20. Rc7 Bxd6 21. Nxd6 e5 22. a4 Rb8 23. b4 h6 24. Bd2 Ne7 25. b5 axb5 26. axb5 Nf5 27. Bb4 Kg7 28. Bc3 Nxd6 29. Bxe5+ Kh7 30. Bxh8 Kxh8 0-1

[Event "Giovanni Pico Cup 5th"]
[Site "Mirandola"]
[Date "2012.01.15"]
[Round "4"]
[White "De Palma, Fabrizio"]
[Black "Chiarion, Elisa"]
[Result "1/2-1/2"]
[WhiteElo "2075"]
[BlackElo "2003"]
[PlyCount "55"]
[EventDate "2012.01.13"]
[EventType "swiss"]
[EventRounds "5"]
[EventCountry "ITA"]
[SourceTitle "EXT 2023"]
[Source "ChessBase"]
[SourceDate "2022.10.05"]
[SourceVersion "1"]
[SourceVersionDate "2022.10.05"]
[SourceQuality "1"]

1. d4 d5 2. Nf3 c6 3. c4 e6 4. e3 f5 5. Be2 Nf6 6. 0-0 Bd6 7. b3 Qe7 8. Ne5 0-0 9. Bb2 g5 10. Nd2 Ne4 11. f3 Nxd2 12. Qxd2 Nd7 13. Nd3 e5 14. dxe5 Nxe5 15. cxd5 Rd8 16. Qc3 Ng6 17. dxc6 Qxe3+ 18. Kh1 Qe7 19. Rae1 bxc6 20. Bd1 Qc7 21. b4 h6 22. Bb3+ Kh7 23. Nc5 Nf4 24. Ne6 Nxe6 25. Bxe6 Rf8 26. Bxc8 Raxc8 27. Re6 Rf7 28. g3 1/2-1/2

[Event "Giovanni Pico Cup 5th"]
[Site "Mirandola"]
[Date "2012.01.15"]
[Round "5"]
[White "Medici, Simone"]
[Black "Chiarion, Elisa"]
[Result "1/2-1/2"]
[WhiteElo "2122"]
[BlackElo "2003"]
[PlyCount "159"]
[EventDate "2012.01.13"]
[EventType "swiss"]
[EventRounds "5"]
[EventCountry "ITA"]
[SourceTitle "EXT 2023"]
[Source "ChessBase"]
[SourceDate "2022.10.05"]
[SourceVersion "1"]
[SourceVersionDate "2022.10.05"]
[SourceQuality "1"]

1. d4 d5 2. c4 e6 3. e3 c6 4. Nf3 Nf6 5. Nc3 Be7 6. b3 0-0 7. Bd3 Nbd7 8. 0-0 Re8 9. Qc2 h6 10. Bb2 Bd6 11. e4 dxe4 12. Nxe4 Nxe4 13. Bxe4 e5 14. c5 Bc7 15. Rad1 Qe7 16. Rfe1 Qf8 17. b4 exd4 18. Bxd4 Nb8 19. Nh4 a5 20. a3 axb4 21. axb4 Be6 22. Bh7+ Kh8 23. Bf5 Bd5 24. Qd2 Kg8 25. Bc2 Be6 26. Qd3 f5 27. Nxf5 Bxf5 28. Qb3+ Kh8 29. Rxe8 Qxe8 30. Bxf5 Na6 31. Qh3 Bf4 32. g3 Bg5 33. f4 Bf6 34. Bf2 Nxb4 35. g4 Nd5 36. Qf3 Ra4 37. Re1 Qb8 38. Qe2 Ra1 39. Rxa1 Bxa1 40. Qd1 Bf6 41. Qd2 Nxf4 42. Bg3 Bg5 43. Bxf4 Bxf4 44. Qe2 Be5 45. Kh1 Bd4 46. Qe7 Bf6 47. Qf7 Qd8 48. Qb3 Qd4 49. Qa2 Qd8 50. Qb3 Bd4 51. Qc4 Qf6 52. Qe6 Qd8 53. Qg6 Kg8 54. Be6+ Kh8 55. Bf5 Kg8 56. Qh7+ Kf7 57. Qg6+ Kg8 58. Be6+ Kh8 59. g5 Bxc5 60. Bb3 Qe7 61. Be6 Qd8 62. Bb3 Qf8 63. Bf7 Bd4 64. Qf5 Bf6 65. g6 Qd8 66. Qe6 Be7 67. Qb3 b5 68. Qf3 c5 69. Qd5 Qa5 70. Qe5 Qa7 71. Bd5 Qd7 72. Qb8+ Bd8 73. Qe5 c4 74. Qe6 Qxe6 75. Bxe6 Bc7 76. h3 c3 77. Bb3 b4 78. Kg2 c2 79. Bxc2 Kg8 80. Kf3 1/2-1/2

[Event "Pianoro op"]
[Site "Pianoro"]
[Date "2011.11.26"]
[Round "3"]
[White "Bonade, Massimo"]
[Black "Chiarion, Elisa"]
[Result "1-0"]
[WhiteElo "2080"]
[BlackElo "1891"]
[PlyCount "51"]
[EventDate "2011.11.25"]
[EventType "swiss"]
[EventRounds "5"]
[EventCountry "ITA"]
[SourceTitle "CBM 145 Extra"]
[Source "ChessBase"]
[SourceDate "2012.01.03"]
[SourceVersion "1"]
[SourceVersionDate "2012.01.03"]
[SourceQuality "1"]

1. d4 d5 2. c4 e6 3. Nc3 c6 4. Nf3 dxc4 5. a4 Bb4 6. e4 b5 7. Be2 Nf6 8. Qc2 h6 9. 0-0 0-0 10. axb5 Bxc3 11. bxc3 cxb5 12. Ba3 Re8 13. Rfb1 a6 14. e5 Nd5 15. Nd2 Nb6 16. Ne4 Qc7 17. Nd6 Rd8 18. Qe4 Nd5 19. Qf3 Nc6 20. Qg3 g6 21. Bc1 Kg7 22. Nxb5 Qe7 23. Nd6 Qc7 24. Bxc4 Na5 25. Bxd5 exd5 26. Qf4 1-0

[Event "Arco op 33rd"]
[Site "Arco"]
[Date "2011.10.29"]
[Round "8"]
[White "Chiarion, Elisa"]
[Black "Karl, Hans"]
[Result "1/2-1/2"]
[WhiteElo "2012"]
[BlackElo "2201"]
[PlyCount "30"]
[EventDate "2011.10.22"]
[EventType "swiss"]
[EventRounds "9"]
[EventCountry "ITA"]
[SourceTitle "EXT 2012"]
[Source "ChessBase"]
[SourceDate "2011.11.24"]
[SourceVersion "1"]
[SourceVersionDate "2011.11.24"]
[SourceQuality "1"]

1. e4 e5 2. Nf3 Nc6 3. Bc4 Nf6 4. d3 Bc5 5. c3 Qe7 6. Bb3 d6 7. h3 h6 8. Nbd2 Be6 9. 0-0 0-0 10. Re1 Bb6 11. Nf1 Bxb3 12. axb3 Nh5 13. Be3 Nf4 14. Bxf4 exf4 15. d4 Rfe8 1/2-1/2

[Event "Arco op 33rd"]
[Site "Arco"]
[Date "2011.10.26"]
[Round "5"]
[White "Londers, Jan"]
[Black "Chiarion, Elisa"]
[Result "1/2-1/2"]
[WhiteElo "1891"]
[BlackElo "2012"]
[PlyCount "57"]
[EventDate "2011.10.22"]
[EventType "swiss"]
[EventRounds "9"]
[EventCountry "ITA"]
[SourceTitle "EXT 2012"]
[Source "ChessBase"]
[SourceDate "2011.11.24"]
[SourceVersion "1"]
[SourceVersionDate "2011.11.24"]
[SourceQuality "1"]

1. e4 c5 2. Nf3 d6 3. d4 cxd4 4. Nxd4 Nf6 5. Nc3 g6 6. Be3 Bg7 7. f3 0-0 8. Qd2 Nc6 9. 0-0-0 d5 10. Kb1 Nxd4 11. e5 Nf5 12. exf6 Bxf6 13. Nxd5 Qxd5 14. Qxd5 Nxe3 15. Qd3 Nxd1 16. Qxd1 Be6 17. Bb5 a6 18. Ba4 Rfd8 19. Qe2 Rd4 20. Bb3 Bxb3 21. axb3 a5 22. c3 Rd6 23. Rd1 Rb6 24. Qc4 a4 25. bxa4 Rba6 26. Qb5 Rxa4 27. Rd8+ Rxd8 28. Qxa4 b6 29. Kc2 1/2-1/2

[Event "EU-ch U16 Girls"]
[Site "Albena"]
[Date "2011.09.17"]
[Round "6"]
[White "Chiarion, Elisa"]
[Black "Gogishvili, Dea"]
[Result "0-1"]
[WhiteElo "2012"]
[BlackElo "1874"]
[PlyCount "78"]
[EventDate "2011.09.11"]
[EventType "swiss"]
[EventRounds "9"]
[EventCountry "BUL"]
[SourceTitle "CBM 144 Extra"]
[Source "ChessBase"]
[SourceDate "2011.10.28"]
[SourceVersion "1"]
[SourceVersionDate "2011.10.28"]
[SourceQuality "1"]

1. e4 c5 2. Nf3 e6 3. g3 Nc6 4. Bg2 e5 5. 0-0 g6 6. d3 Bg7 7. Be3 d6 8. c3 Nf6 9. h3 0-0 10. Nbd2 Nd7 11. Nc4 Qe7 12. Qd2 f5 13. Bg5 Qe6 14. Ne3 Nb6 15. Nd5 Qf7 16. Bh6 Nxd5 17. exd5 Ne7 18. Bxg7 Qxg7 19. Rfe1 Bd7 20. Ng5 Rae8 21. f4 h6 22. Ne6 Bxe6 23. dxe6 Nc6 24. Bd5 Kh7 25. fxe5 dxe5 26. Qe3 f4 27. Qxc5 fxg3 28. Rf1 Rf5 29. Rae1 Qf6 30. Bxc6 bxc6 31. Rxf5 Qxf5 32. Rxe5 Qxh3 33. Qxa7+ Kh8 34. Re2 Rf8 35. Qd4+ Kg8 36. Rg2 Qf5 37. Kh1 Qh3+ 38. Kg1 Qf5 39. Kh1 Qh5+ 0-1

[Event "Porto San Giorgio op 23rd"]
[Site "Porto San Giorgio"]
[Date "2011.08.21"]
[Round "1"]
[White "Chiarion, Elisa"]
[Black "Prohaszka, Peter"]
[Result "0-1"]
[WhiteElo "1964"]
[BlackElo "2547"]
[PlyCount "58"]
[EventDate "2011.08.21"]
[EventType "swiss"]
[EventRounds "9"]
[EventCountry "ITA"]
[SourceTitle "CBM 144 Extra"]
[Source "ChessBase"]
[SourceDate "2011.10.28"]
[SourceVersion "1"]
[SourceVersionDate "2011.10.28"]
[SourceQuality "1"]

1. e4 c6 2. d4 d5 3. e5 Bf5 4. Nc3 e6 5. g4 Bg6 6. Nge2 f6 7. Nf4 fxe5 8. Nxg6 hxg6 9. dxe5 Nd7 10. Bf4 Bc5 11. Bd3 Ne7 12. Na4 Qa5+ 13. c3 Bxf2+ 14. Kxf2 b5 15. Qc2 0-0 16. Kg3 Qxa4 17. Qxa4 bxa4 18. Bc2 Rab8 19. b3 Rf7 20. Bg5 Rbf8 21. Bxe7 Rxe7 22. Rae1 Ref7 23. Re3 g5 24. h4 Nxe5 25. Bh7+ Kxh7 26. hxg5+ Kg8 27. Rxe5 Rf3+ 28. Kh4 Kf7 29. g6+ Kf6 0-1

[Event "ITA-ch (Women)"]
[Site "Montecatini Terme"]
[Date "2011.08.04"]
[Round "6"]
[White "Chiarion, Elisa"]
[Black "Messina, Roberta"]
[Result "0-1"]
[WhiteElo "1964"]
[BlackElo "1913"]
[PlyCount "126"]
[EventDate "2011.07.31"]
[EventType "swiss"]
[EventRounds "9"]
[EventCountry "ITA"]
[SourceTitle "EXT 2017"]
[Source "ChessBase"]
[SourceDate "2016.10.25"]
[SourceVersion "1"]
[SourceVersionDate "2016.10.25"]
[SourceQuality "1"]

1. e4 c5 2. Nf3 d6 3. d4 cxd4 4. Nxd4 Nf6 5. Nc3 a6 6. f4 e6 7. Be2 Be7 8. 0-0 Qc7 9. a4 Nc6 10. Kh1 0-0 11. Bf3 Rd8 12. g4 e5 13. Nf5 Nb4 14. g5 Ne8 15. Be3 Bxf5 16. exf5 Qa5 17. Qe2 d5 18. Bd2 e4 19. Bh5 Qc7 20. f6 gxf6 21. gxf6 Bxf6 22. Qg2+ Ng7 23. Nxe4 dxe4 24. Bxb4 Qc4 25. Ba3 Rac8 26. Rg1 Qxc2 27. Qg3 Qd3 28. Qg4 e3 29. Rad1 Qe4+ 30. Qf3 Qxf3+ 31. Bxf3 b5 32. Rde1 Re8 33. Bb7 Rb8 34. Bc6 Rec8 35. Bd6 Rb6 36. Bd7 Ra8 37. Bc5 Rbb8 38. Bc6 Rc8 39. Bxa8 Rxc5 40. Rxe3 Rc8 41. Bb7 Rb8 42. Rg2 bxa4 43. Bxa6 Bxb2 44. Bc4 Kf8 45. Rge2 Nf5 46. Rh3 h6 47. Rh5 Nd4 48. Rd2 Rb4 49. Rxh6 Bc3 50. Rxd4 Bxd4 51. Rc6 a3 52. Bd5 Rb1+ 53. Kg2 a2 54. Bxa2 Rb2+ 55. Kg3 Rxa2 56. Rc4 Bf6 57. Re4 Ra1 58. Kg2 Ra3 59. Re2 Kg7 60. Re8 Kg6 61. Rg8+ Kf5 62. Rf8 Ra7 63. Kf3 Bh4 0-1